A-League Men's Soccer Teams - Statistics

General Stats
  • This quiz has been taken 168 times
    17 since last reset
  • The average score is 10 of 12
Answer Stats
Team % Correct
Perth Glory
100%
Brisbane Roar
93%
Melbourne Victory
93%
Newcastle Jets
93%
Sydney FC
93%
Adelaide United
87%
Central Coast Mariners
87%
Melbourne City
87%
Macarthur FC
80%
Western Sydney Wanderers
73%
Auckland FC
67%
Wellington Phoenix
67%
No matching quizzes found
Score Distribution
Percent of People with Each Score
Percentile by Number Answered
Your Score History
You have not taken this quiz since the last reset